Микроструктура и механические свойства бинарных сплавов Ti-45 мас.% Nb и Zr-1 мас.% Nb с различным размером структурных элементов; Иерархические материалы: разработка и приложения для новых технологий и надежных конструкций
| Parent link: | Иерархические материалы: разработка и приложения для новых технологий и надежных конструкций.— 2018.— [С. 70] |
|---|---|
| Erakunde egilea: | |
| Beste egile batzuk: | , , , , , |
| Gaia: | Заглавие с экрана Режим доступа: по договору с организацией-держателем ресурса |
| Hizkuntza: | errusiera |
| Argitaratua: |
2018
|
| Saila: | Основные принципы и методология физической мезомеханики материалов с иерархической структурой |
| Gaiak: | |
| Sarrera elektronikoa: | https://elibrary.ru/item.asp?id=36748709 http://dx.doi.org/10.17223/9785946217408/38 |
| Formatua: | Baliabide elektronikoa Liburu kapitulua |
| KOHA link: | https://koha.lib.tpu.ru/cgi-bin/koha/opac-detail.pl?biblionumber=659801 |
MARC
| LEADER | 00000nla2a2200000 4500 | ||
|---|---|---|---|
| 001 | 659801 | ||
| 005 | 20231228130708.0 | ||
| 035 | |a (RuTPU)RU\TPU\network\28601 | ||
| 035 | |a RU\TPU\network\28599 | ||
| 090 | |a 659801 | ||
| 100 | |a 20190401a2018 k y0rusy50 ca | ||
| 101 | 0 | |a rus | |
| 102 | |a RU | ||
| 105 | |a y z 100zy | ||
| 135 | |a drgn ---uucaa | ||
| 181 | 0 | |a i | |
| 182 | 0 | |a b | |
| 200 | 1 | |a Микроструктура и механические свойства бинарных сплавов Ti-45 мас.% Nb и Zr-1 мас.% Nb с различным размером структурных элементов |f А. Ю. Ерошенко [и др.] | |
| 203 | |a Текст |c электронный | ||
| 225 | 1 | |a Основные принципы и методология физической мезомеханики материалов с иерархической структурой | |
| 300 | |a Заглавие с экрана | ||
| 320 | |a [Библиогр.: с. 70 (2 назв.)] | ||
| 333 | |a Режим доступа: по договору с организацией-держателем ресурса | ||
| 463 | 0 | |0 (RuTPU)RU\TPU\network\28560 |t Иерархические материалы: разработка и приложения для новых технологий и надежных конструкций |o международный симпозиум, 1-5 октября 2018 года, Томск, Россия |o тезисы докладов международной конференции "Перспективные материалы с иерархической структурой для новых технологий и надежных конструкций" |o тезисы докладов международной конференции "Химия нефти и газа" |f Российская академия наук (РАН), Сибирское отделение (СО), Институт физики прочности и материаловедения (ИФПМ) ; Российская академия наук (РАН), Сибирское отделение (СО), Институт химии нефти (ИХН) ; Национальный исследовательский Томский политехнический университет (ТПУ) |v [С. 70] |d 2018 | |
| 610 | 1 | |a электронный ресурс | |
| 610 | 1 | |a труды учёных ТПУ | |
| 610 | 1 | |a микроструктуры | |
| 610 | 1 | |a механические свойства | |
| 610 | 1 | |a бинарные сплавы | |
| 610 | 1 | |a структурные элементы | |
| 610 | 1 | |a температурные зависимости | |
| 610 | 1 | |a текучесть | |
| 610 | 1 | |a микротвердость | |
| 610 | 1 | |a фазовый состав | |
| 701 | 1 | |a Ерошенко |b А. Ю. | |
| 701 | 1 | |a Глухов |b И. А. | |
| 701 | 1 | |a Уваркин |b П. В. | |
| 701 | 1 | |a Толмачев |b А. И. | |
| 701 | 1 | |a Майрамбекова |b А. М. | |
| 701 | 1 | |a Шаркеев |b Ю. П. |c физик |c профессор Томского политехнического университета, доктор физико-математических наук |f 1950- |g Юрий Петрович |3 (RuTPU)RU\TPU\pers\31437 |9 15599 | |
| 712 | 0 | 2 | |a Национальный исследовательский Томский политехнический университет |b Исследовательская школа физики высокоэнергетических процессов |c (2017- ) |3 (RuTPU)RU\TPU\col\23551 |
| 801 | 2 | |a RU |b 63413507 |c 20191118 |g RCR | |
| 856 | 4 | |u https://elibrary.ru/item.asp?id=36748709 | |
| 856 | 4 | |u http://dx.doi.org/10.17223/9785946217408/38 | |
| 942 | |c CF | ||